Oxidation of styrene with hydrogen peroxide over Cu/SBA-15 catalyst /

Bewaard in:
Bibliografische gegevens
Hoofdauteur: Nguyen Tien Thao.
Andere auteurs: Bui The Thien., Nguyen Thi Nhu., Pham Thi Hien.
Formaat: Artikel
Taal:Vietnamese
Onderwerpen:
Tags: Voeg label toe
Geen labels, Wees de eerste die dit record labelt!
Thư viện lưu trữ: Thư viện Trường Đại học Đà Lạt
LEADER 00880nam a2200325 4500
001 DLU180185212
005 ##20180525
040 # # |a DLU  |b vie 
041 # # |a vie 
044 # # |a vn 
100 # # |a Nguyen Tien Thao. 
245 # # |a Oxidation of styrene with hydrogen peroxide over Cu/SBA-15 catalyst /  |c Nguyen Tien Thao, ...[et al.]. 
653 # # |a Benzaldehyde 
653 # # |a Copper 
653 # # |a Oxidation 
653 # # |a SBA-15 
653 # # |a Styrene 
700 # # |a Bui The Thien. 
700 # # |a Nguyen Thi Nhu. 
700 # # |a Pham Thi Hien. 
773 # # |t Hóa học  |g Số 2, 2016, tr. 133-138 
920 # # |a Phòng Tạp chí -- Trung tâm Thông tin - Thư viện Trường Đại học Đà Lạt 
994 # # |a DLU 
900 # # |a True 
911 # # |a Hoàng Thị Huyền 
925 # # |a G 
926 # # |a A 
927 # # |a BB 
980 # # |a Thư viện Trường Đại học Đà Lạt